Indian Ocean Countries - Statistics

General Stats
  • This quiz has been taken 182 times
  • The average score is 11 of 14
Answer Stats
Hint Answer % Correct
India
98%
Sri Lanka
93%
Indonesia
86%
Madagascar
81%
Maldives
81%
Somalia
78%
South Africa
78%
Kenya
77%
Mozambique
76%
Seychelles
76%
Tanzania
76%
Australia
74%
Mauritius
74%
Comoros
69%
No matching quizzes found
Score Distribution
Percent of People with Each Score
Percentile by Number Answered
Your Score History
You have not taken this quiz